Potato (Record no. 134409)
[ view plain ]
| 000 -LEADER | |
|---|---|
| fixed length control field | 01190nam a2200325 a 4500 |
| 100 1# - MAIN ENTRY--AUTHOR NAME | |
| Personal name | Smith, Andrew F. |
| 245 10 - TITLE STATEMENT | |
| Title | Potato |
| 260 ## - PUBLICATION, DISTRIBUTION, ETC. (IMPRINT) | |
| Place of publication | London : |
| Name of publisher | Reaktion Books, |
| Year of publication | 2011. |
| 300 ## - PHYSICAL DESCRIPTION | |
| Number of Pages | 142 p. : |
| Other physical details | ill. (some col.). |
| 490 1# - SERIES STATEMENT | |
| Series statement | Edible |
| 650 #0 - SUBJECT ADDED ENTRY--TOPICAL TERM | |
| Topical Term | Potatoes |
| Topical Term | Potato products |
| Topical Term | Cooking (Potatoes) |
| 856 40 - ELECTRONIC LOCATION AND ACCESS | |
| Uniform Resource Identifier | http://site.ebrary.com/lib/rucke/Doc?id=10538346 |
No items available.
